000 00516nam a22001337a 4500
082 _a621.31
_bKHA
100 _aKhan, Rumman (362666)
_9132324
245 _aElectrical Breakdown Characteristics and ICCD Imaging of Discharge Phenomena in CO₂/O₂ Mixtures as Eco-Friendly Alternatives to SF₆ for High Voltage Insulations /
264 _aIslamabad :
_bUSPCAS-E, NUST
_cJuly, 2025
300 _axiii, 45 p.
_e+CD
520 _aTH-648
700 _aSupervisor: Dr. Muhammad Farasat Abbas
_9122458
942 _2ddc
_cTHE
999 _c615543
_d615543